00981nam a2200301 u 4500001001000000003000900010005001700019007000300036008004100039020001500080040002500095082001400120245007600134260003200210300002100242490002100263500002100284504003200305534007100337590002800408700003600436700003300472830002800505910000700533942001400540952011000554999001500664000003575DO-SdBNP20220906104811.0ta090710s2002 sp r 000 0 spa d a8474324718 aDO-SdBNPbspacBNPHU 4bC761t22200aTerapia del abuso sexual /ccompiladores Michael Durrant y Cheryl White aBarcelona :bGedisa,c2002. a251 p. ;c22 cm.1 aTerapia Familiar aIncluye índice aBibliografía : p. 247-249 aTítulo original en inglés: ideas for therapy with sexual abuse aInventariado, 2022 / DG1 aDurrant, Michael,ecomp.9110301 aWhite, Cheryl,ecomp.911031 0aTerapia Familiar911032 aDG 2ddccLBS1 00102ddc51708PDaBNPHUbBNPHUcCTd2009-07-10oBNPHU PD T315a p3575-10r2020-06-25w2020-06-25yLBS1 c3399d3399